000 00458nam a22001577a 4500
005 20150602064950.0
008 150602b xxu||||| |||| 00| 0 eng d
041 0 _aeng
080 _a512.12
100 _aMuschla, Judith
245 _aMultiplication and division /
_cJudith A. Muschla and Gary Robert Muschla.
260 _aNew York :
_bMcGraw-Hill,
_cc2012.
300 _axiv, 177 p. ;
_bme il.;
_c28 cm.
490 _aPjestimi dhe shumezimi
942 _2udc
_cBK
999 _c967
_d967